00437cam a22001337a 4500008004000000082001500040100002100055245005700076260002500133300001000158650003000168999001900198952008600217180718b1972 xxu||||| |||| 00| 0 eng d aN1x54 Su16 aSubrahmanyam, K. aPerspectives in defence planningcby K. Subrahmanyam aDelhibAbhinavc1972 a202p. aDefense, National - India c355084d355084 00104070aIIPAbIIPAd1993-12-16oN1x54 Su16p47373r2018-07-21w2018-07-21yBK